A-Z: People's names containing "and" - Statistics

General Stats
  • This quiz has been taken 20 times
  • The average score is 11 of 26
Answer Stats
First initial Clue Person % Correct
A Undefeated Macedonian conqueror of the 4th century BC Alexander the Great
90%
H 1800s Danish writer of children's stories Hans Christian Andersen
90%
P Canada-born model and Baywatch actress Pamela Anderson
85%
G Indian peace activist Gandhi
80%
F Austro-Hungarian Archduke whose assassination sparked WW1 Franz Ferdinand
75%
I Singer from Jethro Tull Ian Anderson
75%
R Dutch painter of the 1600s Rembrandt
75%
M Actor who played Vito Corleone in The Godfather Marlon Brando
70%
N South African freedom fighter and president Nelson Mandela
65%
U Actress in early James Bond films Ursula Andress
55%
O English actor who played Legolas in Lord of the Rings Orlando Bloom
50%
B Left-wing US presidential hopeful of recent years Bernie Sanders
35%
E Labour Party leader (2010-2015), brother of the above Ed Miliband
35%
C Former richest American, after whom a Nashville university is named Cornelius Vanderbilt
30%
D Labour cabinet minister under Blair David Miliband
30%
J Portly English comedienne Jo Brand
25%
T Old Dallas Cowboys coach noted for wearing a fedora Tom Landry
25%
V Black England and Nottingham Forest right-back of the 70s and 80s Viv Anderson
25%
X American golfer who won the 2024 Open at Troon Xander Schauffele
25%
S Female English gymnast of the 1970s & 80s Suzanne Dando
20%
L Scotland and Hearts striker of the 2020s Lawrence Shankland
15%
Z Sparklingly-named Aberdeen defender of the early 2000s Zander Diamond
10%
W US newspaper baron depicted in Citizen Kane William Randolph Hearst
5%
Y Dutch model and Beverly Hills housewife Yolanda Hadid
5%
K Basketball player nicknamed "Slow Mo" Kevin Anderson
0%
Q American literary critic of the 1900s Quentin Anderson
0%
No matching quizzes found
Score Distribution
Percent of People with Each Score
Percentile by Number Answered
Your Score History
You have not taken this quiz